| 000 | 00480nam a22001337a 4500 | ||
|---|---|---|---|
| 999 |
_c6871 _d6871 |
||
| 008 | 200401b ||||| |||| 00| 0 eng d | ||
| 020 | _a0-8213-5556-2 | ||
| 100 | _aIrwin, Timothy.- | ||
| 245 |
_aPublic Money for Private Infrastructure: _bDeciding When to Offer Guarantees, Output-based Subsidies, and Other Fiscal Support/ _cTimothy Irwin.- _hEnglish. |
||
| 260 |
_aWashington, D.C.: _bThe World Bank, _c2003. |
||
| 300 |
_aIX, 54P; _c26cm.- |
||
| 650 | _2MONEY | ||
| 942 |
_2ddc _cBOOKS |
||